LEADER 03565nam 2200685Ia 450 001 9910971277003321 005 20251117090602.0 010 $a1-283-16067-6 010 $a9786613160676 010 $a90-474-4107-9 024 7 $a10.1163/ej.9789004178724.i-580 035 $a(CKB)2550000000040708 035 $a(EBL)737660 035 $a(OCoLC)743693668 035 $a(SSID)ssj0000502809 035 $a(PQKBManifestationID)11302635 035 $a(PQKBTitleCode)TC0000502809 035 $a(PQKBWorkID)10527591 035 $a(PQKB)10458034 035 $a(MiAaPQ)EBC737660 035 $a(OCoLC)744465897 035 $a(nllekb)BRILL9789047441076 035 $a(Au-PeEL)EBL737660 035 $a(CaPaEBR)ebr10483851 035 $a(CaONFJC)MIL316067 035 $a(PPN)17042779X 035 $a(EXLCZ)992550000000040708 100 $a20110414d2011 uy 0 101 0 $aeng 135 $aur|n|---||||| 181 $ctxt 182 $cc 183 $acr 200 10$aMutafa Ali's Epic deeds of artists $ea critical edition of the earliest Ottoman text about the calligraphers and painters of the Islamic world /$fedited, translated, and commented by Esra Akin-Kivanc 205 $a1st ed. 210 $aLeiden ;$aBoston $cBrill$d2011 215 $a1 online resource (600 p.) 225 1 $aIslamic history and civilization ;$vv. 87 300 $aDescription based upon print version of record. 311 08$a90-04-17872-4 320 $aIncludes bibliographical references and index. 327 $tPreliminary Material /$rE. Akin -- $tPreface /$rE. Akin -- $tChapter One. Mustafa ?Âli And The Epic Deeds Of Artists /$rE. Akin -- $tChapter Two. Background And Significance /$rE. Akin -- $tTranslation. Epic Deeds Of Artists /$rE. Akin -- $tTranscription. Men?qib-I Hüner-Ver?n /$rE. Akin -- $tBibliography /$rE. Akin -- $tAppendix A. Artistic Lineage /$rE. Akin -- $tAppendix B. Biographical Information On Artists /$rE. Akin -- $tGlossary /$rE. Akin -- $tIndex Of Personal Names /$rE. Akin -- $tGeneral Index /$rE. Akin -- $tFacsimile /$rE. Akin. 330 $aThe earliest known Ottoman literary source about the lives and works of calligraphers, painters, limners, and book-binders of the Ottoman and Persianate worlds, Mustafa ?Âli?s (1541-1600) Epic Deeds of Artists (1587), was hitherto considered to be primarily a biographic dictionary. Based on a comprehensive reading of the descriptive and analytic tools of ?Âli?s biographical writings as well as his passionately penned personal reflections on sixteenth-century attitudes toward art and artists, this critical edition by Esra Ak?n-K?vanç brings to the fore the significance of Epic Deeds not only as a guide to the connoisseurs and aficionados of the time, but also as a fascinating commentary by a prominent intellectual on the spiritual meaning and material value of art. 410 0$aIslamic history and civilization ;$vv. 87. 517 3 $aCritical edition of the earliest Ottoman text about the calligraphers and painters of the Islamic world 606 $aArtists$zTurkey$vBiography$vEarly works to 1800 606 $aArts$zTurkey$vEarly works to 1800 615 0$aArtists 615 0$aArts 676 $a709.2/2561 676 $aB 700 $aA?li$b Mustafa bin Ahmet$f1541-1599.$01898315 701 $aAkn$b Esra$01685719 801 0$bMiAaPQ 801 1$bMiAaPQ 801 2$bMiAaPQ 906 $aBOOK 912 $a9910971277003321 996 $aMutafa Ali's Epic deeds of artists$94555259 997 $aUNINA